FIS World Ski Championships - Host Countries - Statistics

General Stats
  • This quiz has been taken 18 times
  • The average score is 19 of 20
Answer Stats
# Country % Correct
15 Austria
100%
4 Canada
100%
2 Czech Republic
100%
10 Finland
100%
8 Germany
100%
6 Norway
100%
4 Poland
100%
2 Slovakia
100%
1 South Korea
100%
3 Spain
100%
9 Sweden
100%
11 Switzerland
100%
9 United States of America
100%
15 Italy
94%
4 Japan
94%
1 Slovenia
94%
1 China
88%
8 France
88%
1 Chile
75%
1 Georgia
44%
No matching quizzes found
Score Distribution
Percent of People with Each Score
Percentile by Number Answered
Your Score History
You have not taken this quiz